Texto y atlas de nutrición (Registro nro. 308964)

Detalles MARC
000 -ENCABEZADO
Número de control [NR] 01185nam a2200325 a 4500
005 - FECHA Y HORA DE LA ÚLTIMA TRANSACCIÓN
control field 20180118154112.0
008 - DE LONGITUD FIJA DE DATOS DE ELEMENTOS - INFORMACIÓN GENERAL
Elementos de longitud fija [NR] 180117s2017 sp ado gr 00110 spa d
020 ## - NUMERO INTERNACIONAL NORMALIZADO PARA LIBROS [R]
Número Internacional Normalizado del libro [NR] 9788491130550
040 ## - FUENTE DE CATALOGACION [NR]
Agencia de catalogación original [NR] CO-BoUCM
Idioma de catalogación [NR] spa
Quien Cataloga Sandra Palacio
Quien Clasifica Sandra Palacio
041 1# - CODIGO DE IDIOMA [R]
Language code of original and/or intermediate translations of text ger
Código de idioma para texto/pista de sonido o título separado [R] Español
060 ## - SIGNATURA TOPOGRAFICA DE LA BIBLIOTECA NACIONAL DE MEDICINA (NLM) [R]
Número clasificador [R] QU 145
100 1# - ASIENTO PRINCIPAL--NOMBRE PERSONAL [NR]
Nombre personal [NR] Biesalski, Hans Konrad
ID Autoridad 90795
245 10 - MENCION DE TITULO [NR]
Título [NR] Texto y atlas de nutrición
Mención de responsabilidad, etc. [NR] Hans Konrad Biesalski, Peter Grimm, Susane Nowitzki Grimm ; revisión científica Elena Alonso Aperte
250 ## - MENCION DE EDICION [NR]
Mención de edición [NR] 6a.Edición
260 ## - PUBLICACION, DISTRIBUCION, ETC. (PIE DE IMPRENTA) [R]
Lugar de publicación, distribución, etc. [R] Barcelona (España)
Nombre del editor, distribuidor, etc. [R] Elsevier
Fecha de publicación, distribución, etc. [R] 2017
300 ## - DESCRIPCION FISICA [R]
Extensión [R] 428 páginas
Otros detalles físicos [NR] ilustraciones, gráficas, fotografías
650 17 - ASIENTO SECUNDARIO DE MATERIA - TERMINO TEMATICO [R]
Término temático o nombre geográfico como elemento de entrada [NR] Nutrición
Subdivisión de forma [R] Atlas
9 (RLIN) 90796
650 27 - ASIENTO SECUNDARIO DE MATERIA - TERMINO TEMATICO [R]
Término temático o nombre geográfico como elemento de entrada [NR] Dieta
Subdivisión de forma [R] Atlas
9 (RLIN) 90797
650 27 - ASIENTO SECUNDARIO DE MATERIA - TERMINO TEMATICO [R]
Término temático o nombre geográfico como elemento de entrada [NR] Metabolismo
Subdivisión de forma [R] Atlas
9 (RLIN) 90798
650 27 - ASIENTO SECUNDARIO DE MATERIA - TERMINO TEMATICO [R]
Término temático o nombre geográfico como elemento de entrada [NR] Proteínas
Subdivisión de forma [R] Atlas
9 (RLIN) 90799
650 27 - ASIENTO SECUNDARIO DE MATERIA - TERMINO TEMATICO [R]
Término temático o nombre geográfico como elemento de entrada [NR] Nutrientes
Subdivisión de forma [R] Atlas
9 (RLIN) 90800
650 27 - ASIENTO SECUNDARIO DE MATERIA - TERMINO TEMATICO [R]
Término temático o nombre geográfico como elemento de entrada [NR] Oligoelementos
Subdivisión de forma [R] Atlas
9 (RLIN) 90801
650 27 - ASIENTO SECUNDARIO DE MATERIA - TERMINO TEMATICO [R]
Término temático o nombre geográfico como elemento de entrada [NR] Calidad de los alimentos
Subdivisión de forma [R] Atlas
9 (RLIN) 90802
700 1# - ASIENTO SECUNDARIO - NOMBRE PERSONAL [R]
Nombre personal [NR] Grimm, Peter
9 (RLIN) 90803
700 1# - ASIENTO SECUNDARIO - NOMBRE PERSONAL [R]
Nombre personal [NR] Nowitzki Grimm, Susanne
9 (RLIN) 90804
700 1# - ASIENTO SECUNDARIO - NOMBRE PERSONAL [R]
Nombre personal [NR] Alonso Aperte, Elena
9 (RLIN) 90805
765 ## - ASIENTO DE IDIOMA ORIGINAL [R]
Título [NR] Taschenatlas ernährung
942 ## - ELEMENTOS DE ENTRADA AGREGADOS (KOHA)
Sistema de clasificación NLM
Tipo de ítem principal el descrito en 300a Libro
Tema principal Medicina
Edición 6
Clasificación QU 145
Parte restante de la signatura top. B589ta
Título oculto en OPAC No
Existencias
Fecha de último préstamo Total préstamos Total Renewals Signatura topográfica Código de barras Última vez visto Volúmen / Fascículo Ejemplar Costo de reposición Price effective from Tipo de ítem Perdido Sistema de clasificación Dañado No prestable Tipo de ítem específico Suprimido Ubicación habitual Ubicación actual Localización Fecha de creación Proveedor Forma de adquisición Costo
16/07/2019 4 3 QU 145 B589ta 100156159 01/12/2025 6a.Ed. Ej.2 117000.00 11/01/2018 Libro   NLM     Libro   Fundación Cardioinfantil Fundación Cardioinfantil 1er piso 11/01/2018 26 Compra 117000.00
16/07/2019 2   QU 145 B589ta 100156057 01/12/2025 6a.Ed. Ej.1 93600.00 15/01/2018 Libro   NLM     Libro   Fundación Cardioinfantil Fundación Cardioinfantil 1er piso 15/01/2018 111 Compra 93600.00